| 000 | 00417nam a2200181Ia 4500 | ||
|---|---|---|---|
| 999 |
_c1248 _d1248 |
||
| 003 | OSt | ||
| 005 | 20200312045209.0 | ||
| 008 | 200302s9999 xx 000 0 und d | ||
| 020 | _a9788174092403 | ||
| 082 |
_a621.3 _bUPP |
||
| 100 | _aUppal, S L | ||
| 245 | _aElectrical wiring estimating and costing | ||
| 260 | _bKhanna Publishers | ||
| 260 | _c2001 | ||
| 300 | _a836 P., | ||
| 700 | _aGarg, CC | ||
| 942 | _2ddc | ||